Nagy vállalkozás előtt
Elmentve itt :
| Szerzők: | |
|---|---|
| Dokumentumtípus: | Cikk |
| Megjelent: |
1982-08-15
|
| Sorozat: | Délmagyarország
72 No. 191 |
| Kulcsszavak: | Szabadtéri Játékok |
| Online Access: | http://dmarchiv.bibl.u-szeged.hu/123311 |
| LEADER | 00494nab a2200169 i 4500 | ||
|---|---|---|---|
| 001 | delm123311 | ||
| 005 | 20190621145619.0 | ||
| 008 | 190621s1982 hu o 0|| hun d | ||
| 040 | |a SZTE Délmagyarország Archívum |b hun | ||
| 041 | |a hun | ||
| 100 | 1 | |a Domonkos László | |
| 245 | 1 | 0 | |a Nagy vállalkozás előtt |h [elektronikus dokumentum] / |c Domonkos László |
| 260 | |c 1982-08-15 | ||
| 300 | |a 5 | ||
| 490 | 0 | |a Délmagyarország |v 72 No. 191 | |
| 695 | |a Szabadtéri Játékok | ||
| 700 | 0 | 1 | |a Nagy László |e aut |